| 000 | 00756nam a22002411i 4500 | ||
|---|---|---|---|
| 005 | 20210915102018.0 | ||
| 008 | 210915t2020 -uk |||j ||| 000 1 eng d | ||
| 020 |
_a9781839031830 _cRM 53.30 _qhardback |
||
| 040 |
_aPPAK _beng _cPPAK _erda |
||
| 082 | 0 | 4 |
_223 _a823.92 |
| 090 | 0 | 0 |
_a823.92 _bMAG _dRK |
| 245 | 0 | 0 | _aMagical Pop-ups |
| 264 | 1 |
_aCottage Farm, United Kingdom : _bAutumn Publishing , _c2020 |
|
| 264 | 4 | _c©2020 | |
| 300 |
_a1 volume (unpaged) : _bchiefly colour illustrations ; _c25 x 25 cm. |
||
| 336 |
_2rdacontent _atext _astill images |
||
| 337 |
_2rdamedia _aunmediated |
||
| 338 |
_2rdacarrier _avolume |
||
| 500 | _aFrom the movie Disney Frozen. | ||
| 650 | 1 | 0 |
_aMagic _vJuvenile fiction |
| 655 | 0 | _aPop-ups books | |
| 942 |
_2ddc _cB |
||
| 999 |
_c184954 _d184954 |
||